Δήμοι της Ελλάδας που Αρχίζουν από Α - Statistics

General Stats
  • This quiz has been taken 10 times
  • The average score is 22 of 55
Answer Stats
Δήμος % Correct
Αστυπαλαίας
89%
Αθηναίων
78%
Αρταίων
78%
Αχαρνών
78%
Αγιάς
67%
Αγίας Παρασκευής
67%
Αλίμου
67%
Ανάφης
67%
Αγίας Βαρβάρας
56%
Αγίου Δημητρίου
56%
Αγίου Νικολάου
56%
Αμοργού
56%
Άνδρου
56%
Άργους-Μυκηνών
56%
Αιγάλεω
44%
Αλεξανδρούπολης
44%
Αλμυρού
44%
Αλοννήσου
44%
Αμπελοκήπων-Μενεμένης
44%
Αμφιλοχίας
44%
Αργοστολίου
44%
Αβδήρων
33%
Αγαθονησίου
33%
Άγιο Όρος
33%
Αγίου Βασιλείου
33%
Αγίων Αναργύρων-Καματερού
33%
Αγκιστρίου
33%
Αγράφων
33%
Αιγιαλείας
33%
Αίγινας
33%
Αλιάρτου
33%
Αμαρουσίου
33%
Αμυνταίου
33%
Αμφίκλειας-Ελάτειας
33%
Αμφίπολης
33%
Ανατολικής Μάνης
33%
Ανδραβίδας-Κυλλήνης
33%
Αντιπάρου
33%
Αριστοτέλη
33%
Αρχανών-Αστερουσίων
33%
Αγίου Ευστρατίου
22%
Αγρινίου
22%
Αλεξάνδρειας
22%
Αλμωπίας
22%
Αμάριου
22%
Ανατολικής Σάμου
22%
Ανδριτσαίνας-Κρεστένων
22%
Ανωγείων
22%
Αποκορώνου
22%
Αργιθέας
22%
Αρριανών
22%
Αρχαίας Ολυμπίας
22%
Ασπροπύργου
22%
Άκτιου-Βόνιτσας
11%
Άργους Ορεστικού
11%
No matching quizzes found
Score Distribution
Percent of People with Each Score
Percentile by Number Answered
Your Score History
You have not taken this quiz